[Event "British Columbia op"]
[Site "Richmond"]
[Date "2017.02.11"]
[Round "1.5"]
[White "Barranco, Francisco"]
[Black "Zhu, Brandon"]
[Result "1-0"]
[WhiteElo "2202"]
[BlackElo "1939"]
[PlyCount "75"]
[EventDate "2017.02.11"]
[EventType "swiss"]
[EventRounds "6"]
[EventCountry "CAN"]
[SourceTitle "EXT 2022"]
[Source "ChessBase"]
[SourceDate "2021.10.06"]
[SourceVersion "1"]
[SourceVersionDate "2021.10.06"]
[SourceQuality "1"]

1. d4 Nf6 2. Nf3 g6 3. c4 Bg7 4. Nc3 0-0 5. e4 d6 6. h3 e5 7. d5 Nh5 8. g3 a5 9. Be3 Qe8 10. Be2 f5 11. exf5 gxf5 12. Nh4 Nf6 13. Bd3 f4 14. Bc1 e4 15. Bc2 fxg3 16. fxg3 Nh5 17. Ne2 Na6 18. g4 Qe7 19. Ng2 Nf6 20. 0-0 Nc5 21. Ne3 Qe5 22. Nf5 Bxf5 23. Rxf5 Qe7 24. Bg5 Qd7 25. Qe1 h6 26. Be3 Nh7 27. Ng3 Rxf5 28. Nxf5 Ng5 29. Kh1 a4 30. Bxc5 dxc5 31. h4 Nf7 32. Qxe4 Re8 33. Qf4 Bxb2 34. Rf1 Re2 35. Nxh6+ Kg7 36. Qxf7+ Qxf7 37. Rxf7+ Kxh6 38. Rh7# 1-0